LEADER 02106nam0 22004453i 450 001 BRIE001909 005 20231121125410.0 100 $a20150303d1720 ||||0itac50 ba 101 | $alat 102 $anl 181 1$6z01$ai $bxxxe 182 1$6z01$an 200 1 $a˜M. Fabii Quinctiliani ... œDeclamationes XIX majores, et quae ex CCCLXXXVIII. supersunt CXLV minores et Calpurnii Flacci Declamationes. cum notis Doctorum virorum; curante Petro Burmanno 210 $aLugduni Batavorum$capud Isaacum Severinum$d1720 215 $a[2], 409 p.$d4 300 $aSegn.: A-Z4,2A-2Z4,3A-3E4,3F2 300 $aMarca sul front 300 $aFront. in rosso e nero 300 $aCors. rom 300 $aData di stampa riportata sul front.: MDDCXX 620 $aNL$dLeida$3BVEL001748 676 $a875.01$9Discorsi latini. Periodo romano, fino al 499 ca.$v22 700 1$aQuintilianus$b, Marcus Fabius$3CFIV037714$4070$0171261 702 1$aBurman$b, Pieter$f <1668-1741>$3SBLV315300 712 02$aSeverinus$3PUVV199029$4650 790 0$aQuintiliano$3CFIV090043$zQuintilianus, Marcus Fabius 790 1$aQuintilliano$b, M. Fabio$3CFIV134813$zQuintilianus, Marcus Fabius 790 1$aQuintiliano$b, Marco Fabio$3CFIV167924$zQuintilianus, Marcus Fabius 790 0$aQuintilian$3CFIV332618$zQuintilianus, Marcus Fabius 790 0$aQuintilien$3LO1V136715$zQuintilianus, Marcus Fabius 790 1$aBurmannus$b, Petrus$d <1.>$3SBLV315301$zBurman, Pieter <1668-1741> 790 1$aBurmann$b, Pieter$c $3UBOV118061$zBurman, Pieter <1668-1741> 801 3$aIT$bIT-01$c20150303 850 $aIT-FR0017 899 $aBiblioteca umanistica Giorgio Aprea$bFR0017 $eN 912 $aBRIE001909 950 0$aBiblioteca umanistica Giorgio Aprea$d 52FONDO RARIDec..Qui.$e 52FLS0000022485 VMB RF $fB $h20150303$i20150303 977 $a 52 996 $aDeclamationes XIX majores, et quae ex CCCLXXXVIII. supersunt CXLV minores et Calpurnii Flacci Declamationes. cum notis Doctorum virorum; curante Petro Burmanno$93603186 997 $aUNICAS